[Event "Catalunya-ch Seniors"]
[Site "Malgrat del Mar"]
[Date "2023.05.19"]
[Round "6"]
[White "Rodon Balcells, Jaume"]
[Black "Giro Castellet, Esteve"]
[Result "1/2-1/2"]
[WhiteElo "1816"]
[BlackElo "1612"]
[PlyCount "81"]
[EventDate "2023.05.14"]
[EventType "swiss"]
[EventRounds "8"]
[EventCountry "ESP"]
[SourceTitle "CBM 214 Extra"]
[Source "ChessBase"]
[SourceDate "2023.07.31"]
[SourceVersion "1"]
[SourceVersionDate "2023.07.31"]
[SourceQuality "1"]

1. e4 c5 2. Nf3 Nc6 3. c3 d6 4. d4 cxd4 5. cxd4 e6 6. Nc3 Nf6 7. Bg5 Be7 8. Qd2 0-0 9. Be2 a6 10. 0-0 Qa5 11. Rfe1 Rd8 12. Rac1 Bd7 13. Bd3 Rac8 14. Bb1 e5 15. d5 Na7 16. a3 Nb5 17. Bxf6 Bxf6 18. Nxb5 Qxd2 19. Nxd2 Bxb5 20. Nf3 h6 21. h4 Rxc1 22. Rxc1 Rd7 23. g3 Kh7 24. Nd4 exd4 25. e5+ Kg8 26. exf6 gxf6 27. Rd1 Rc7 28. Kg2 d3 29. Bxd3 Ba4 30. Rd2 Bb3 31. Be4 Rc4 32. Kf3 Rc5 33. Kf4 Kg7 34. h5 Rc4 35. f3 Rc5 36. Rd4 a5 37. g4 b6 38. Ke3 Rc7 39. Kd2 Rc5 40. Rd3 Rc2+ 41. Ke3 1/2-1/2

[Event "Lleida Regional-ch"]
[Site "Lleida"]
[Date "2022.10.23"]
[Round "4"]
[White "Rodon Balcells, Jaume"]
[Black "Solani Nunez, Joshua"]
[Result "0-1"]
[WhiteElo "1789"]
[BlackElo "2042"]
[PlyCount "104"]
[EventDate "2022.10.02"]
[EventType "swiss"]
[EventRounds "8"]
[EventCountry "ESP"]
[SourceTitle "EXT 2024"]
[Source "ChessBase"]
[SourceDate "2023.10.10"]
[SourceVersion "1"]
[SourceVersionDate "2023.10.10"]
[SourceQuality "1"]

1. e4 e6 2. d4 d5 3. Nc3 Nf6 4. Bg5 Bb4 5. e5 h6 6. Bd2 Bxc3 7. bxc3 Ne4 8. Bd3 Nxd2 9. Qxd2 c5 10. f4 Nc6 11. Nf3 Qb6 12. Be2 Qa5 13. 0-0 b6 14. Rfd1 g6 15. a4 c4 16. Rdb1 Bd7 17. Qe1 Ne7 18. g4 0-0-0 19. Rb4 g5 20. f5 exf5 21. e6 Bxe6 22. Ne5 f4 23. Rb5 Qa6 24. Qb1 Rd6 25. a5 Qb7 26. Bf3 Nc6 27. axb6 a6 28. Rc5 Kb8 29. Nxc6+ Rxc6 30. Rxc6 Qxc6 31. Rxa6 Bc8 32. Ra5 Rd8 33. Rc5 Qd6 34. Qa1 Qxb6 35. Bxd5 Bb7 36. Bxb7 Qxb7 37. Rxc4 Rd6 38. Rb4 Rb6 39. Qb1 Kc7 40. Qb3 Rxb4 41. cxb4 Kd8 42. b5 Qe4 43. Qc3 Qe2 44. b6 Qxg4+ 45. Kf1 f3 46. Qc7+ Ke8 47. Qe5+ Kf8 48. Ke1 Qg2 49. Qe3 Qxc2 50. Qxf3 Qb1+ 51. Kf2 Qxb6 52. Qe3 Qe6 0-1

[Event "Lleida Region-ch"]
[Site "Lleida"]
[Date "2021.11.07"]
[Round "5"]
[White "Monell Camarasa, David"]
[Black "Rodon Balcells, Jaume"]
[Result "1-0"]
[WhiteElo "2144"]
[BlackElo "1810"]
[PlyCount "55"]
[EventDate "2021.10.03"]
[EventType "swiss"]
[EventRounds "8"]
[EventCountry "ESP"]
[SourceTitle "EXT 2023"]
[Source "ChessBase"]
[SourceDate "2022.10.05"]
[SourceVersion "1"]
[SourceVersionDate "2022.10.05"]
[SourceQuality "1"]

1. d4 Nf6 2. c4 e6 3. Nf3 d5 4. Nc3 Nbd7 5. Bg5 Be7 6. e3 0-0 7. Qc2 c6 8. Bd3 h6 9. h4 dxc4 10. Bxc4 Nb6 11. Bd3 Nbd5 12. a3 b6 13. Nxd5 cxd5 14. Bf4 Bb7 15. Ne5 Rc8 16. Qe2 Re8 17. g4 Bd6 18. g5 Bxe5 19. Bxe5 Ne4 20. gxh6 g6 21. Qg4 Kh7 22. f3 f6 23. h5 g5 24. fxe4 fxe5 25. exd5+ Kg8 26. Qe4 Qe7 27. Qxe5 exd5 28. h7+ 1-0

[Event "Barcelona Lleida op"]
[Site "Barcelona"]
[Date "2019.05.25"]
[Round "6.9"]
[White "Rodon Balcells, Jaume"]
[Black "Raga Lleida, Roman"]
[Result "0-1"]
[WhiteElo "1862"]
[BlackElo "1687"]
[PlyCount "70"]
[EventDate "2019.04.06"]
[EventType "swiss"]
[EventRounds "9"]
[EventCountry "ESP"]
[SourceTitle "EXT 2024"]
[Source "ChessBase"]
[SourceDate "2023.10.10"]
[SourceVersion "1"]
[SourceVersionDate "2023.10.10"]
[SourceQuality "1"]

1. e4 c5 2. Nf3 g6 3. d4 cxd4 4. Nxd4 Bg7 5. Bc4 Nc6 6. c3 Nf6 7. f3 d5 8. exd5 Nxd5 9. Nxc6 bxc6 10. Bxd5 cxd5 11. 0-0 0-0 12. Be3 Rb8 13. Qd2 a5 14. Na3 Ba6 15. Rfe1 Qc7 16. Rab1 e6 17. Nc2 Rfd8 18. Kh1 Qc4 19. a3 Qc7 20. Qf2 Bd3 21. Red1 Qc4 22. Qd2 Bxc2 23. Qxc2 d4 24. Qe4 e5 25. cxd4 exd4 26. Bf4 Re8 27. Qd3 Qxd3 28. Rxd3 Rxb2 29. Rbd1 Re7 30. Bd2 a4 31. Kg1 Rb3 32. Bb4 Bh6 33. Bc5 Be3+ 34. Kh1 Rxd3 35. Rb1 Rb3 0-1

[Event "Barcelona Lleida op"]
[Site "Barcelona"]
[Date "2019.04.27"]
[Round "2.10"]
[White "Rodon Balcells, Jaume"]
[Black "Ponsarnau Marquilles, Jaume"]
[Result "1-0"]
[WhiteElo "1862"]
[BlackElo "1708"]
[PlyCount "77"]
[EventDate "2019.04.06"]
[EventType "swiss"]
[EventRounds "9"]
[EventCountry "ESP"]
[SourceTitle "EXT 2024"]
[Source "ChessBase"]
[SourceDate "2023.10.10"]
[SourceVersion "1"]
[SourceVersionDate "2023.10.10"]
[SourceQuality "1"]

1. e4 c5 2. Nf3 d6 3. d4 cxd4 4. Nxd4 a6 5. Nc3 e5 6. Nf3 Nf6 7. Be2 h6 8. 0-0 Be7 9. b3 0-0 10. h3 b5 11. Bd3 Bb7 12. Re1 Nbd7 13. Bb2 Nc5 14. b4 Nxd3 15. Qxd3 Qc7 16. a4 bxa4 17. Nxa4 Rfc8 18. Rac1 Qc6 19. Nc3 Nh5 20. Nd5 Bd8 21. c4 Qd7 22. g4 Nf4 23. Nxf4 exf4 24. c5 Be7 25. Ne5 Qe8 26. cxd6 Rd8 27. d7 Qf8 28. Qc4 Kh7 29. Red1 f6 30. Nf7 Rab8 31. Nxd8 Bxd8 32. e5 Ba8 33. Qd3+ g6 34. Qd6 Be7 35. Qe6 Bb7 36. exf6 Bxb4 37. Be5 Ra8 38. Rc7 Rd8 39. Rxb7 1-0

[Event "Catalunya-ch"]
[Site "Vila Seca"]
[Date "2019.04.21"]
[Round "6"]
[White "Fernandez Aguilar, Francisco"]
[Black "Rodon Balcells, Jaume"]
[Result "1-0"]
[WhiteElo "2132"]
[BlackElo "1862"]
[PlyCount "49"]
[EventDate "2019.04.18"]
[EventType "swiss"]
[EventRounds "8"]
[EventCountry "ESP"]
[SourceTitle "CBM 189 Extra"]
[Source "ChessBase"]
[SourceDate "2019.06.03"]
[SourceVersion "1"]
[SourceVersionDate "2019.06.03"]
[SourceQuality "1"]

1. Nf3 Nf6 2. g3 d5 3. Bg2 e6 4. 0-0 Be7 5. d4 0-0 6. c4 c5 7. cxd5 Nxd5 8. Nc3 Nxc3 9. bxc3 Nc6 10. e4 b6 11. d5 Na5 12. Bf4 g5 13. Bc1 Bb7 14. h4 gxh4 15. Bh6 hxg3 16. Bxf8 gxf2+ 17. Rxf2 Bxf8 18. Ne5 f5 19. exf5 Bg7 20. f6 Bxf6 21. Qg4+ Bg5 22. Qxe6+ Kg7 23. Rf7+ Kh8 24. Rxh7+ Kxh7 25. Qg6+ 1-0

[Event "Lleida-ch"]
[Site "Almenar"]
[Date "2018.10.07"]
[Round "2"]
[White "Parramon Guillaumet, Jaime"]
[Black "Rodon Balcells, Jaume"]
[Result "1-0"]
[WhiteElo "1906"]
[BlackElo "1819"]
[PlyCount "131"]
[EventDate "2018.09.30"]
[EventType "swiss"]
[EventRounds "9"]
[EventCountry "ESP"]
[SourceTitle "CBM 187 Extra"]
[Source "ChessBase"]
[SourceDate "2018.11.04"]
[SourceVersion "1"]
[SourceVersionDate "2018.11.04"]
[SourceQuality "1"]

1. e4 e5 2. Nf3 Nc6 3. Bc4 Bc5 4. c3 Nf6 5. d3 h6 6. Nbd2 d6 7. h3 0-0 8. Nf1 Na5 9. Bb3 Nxb3 10. axb3 a6 11. Ng3 Be6 12. 0-0 Re8 13. Re1 c6 14. Be3 Ba7 15. Qc2 Qc7 16. Nh4 Qd7 17. Nhf5 d5 18. Bxa7 Rxa7 19. Rad1 Kh7 20. Ne3 g6 21. d4 exd4 22. Rxd4 c5 23. Rdd1 Qc6 24. exd5 Bxd5 25. Nxd5 Rxe1+ 26. Rxe1 Nxd5 27. Qe4 b5 28. Rd1 Ne7 29. Qf4 Qe6 30. Ne4 g5 31. Qf3 c4 32. Rd6 Qf5 33. Qh5 Ng8 34. f3 cxb3 35. h4 f6 36. hxg5 Rg7 37. Nxf6+ Nxf6 38. Rxf6 Qxg5 39. Qxg5 Rxg5 40. Rxa6 b4 41. Rb6 bxc3 42. bxc3 Rc5 43. Rxb3 Kg6 44. Kf2 Kf5 45. g3 h5 46. Ke3 Ke5 47. Kd3 h4 48. gxh4 Kf4 49. Kd4 Rh5 50. c4 Rxh4 51. c5 Rh1 52. c6 Rd1+ 53. Kc5 Ke5 54. f4+ Ke6 55. Rb4 Rc1+ 56. Kb6 Kd6 57. Rd4+ Ke7 58. Rd5 Ke6 59. Rd7 Rf1 60. Rd4 Rb1+ 61. Kc7 Rb5 62. Re4+ Kf6 63. Kc8 Kg6 64. c7 Kf5 65. Rd4 Ke6 66. Kd8 1-0

[Event "Catalunya-ch Seniors 34th"]
[Site "Lloret del Mar"]
[Date "2018.05.23"]
[Round "5"]
[White "Vallbona Domingo, Joan"]
[Black "Rodon Balcells, Jaume"]
[Result "1-0"]
[WhiteElo "2011"]
[BlackElo "1805"]
[PlyCount "105"]
[EventDate "2018.05.19"]
[EventType "swiss"]
[EventRounds "9"]
[EventCountry "ESP"]
[SourceTitle "CBM 184 Extra"]
[Source "ChessBase"]
[SourceDate "2018.06.28"]
[SourceVersion "1"]
[SourceVersionDate "2018.06.28"]
[SourceQuality "1"]

1. c4 Nf6 2. Nc3 e5 3. Nf3 Nc6 4. d4 exd4 5. Nxd4 Bb4 6. Bg5 0-0 7. e3 Re8 8. Be2 Qe7 9. 0-0 Bxc3 10. bxc3 d6 11. Nxc6 bxc6 12. Bf3 Bd7 13. Qd4 Reb8 14. Rad1 h6 15. Bxf6 Qxf6 16. Qxf6 gxf6 17. c5 d5 18. c4 Rb2 19. cxd5 Rab8 20. dxc6 Be6 21. a4 Bb3 22. Rd4 Bc2 23. h3 f5 24. Rd7 Be4 25. Rxc7 Rc2 26. Rd7 Rc8 27. Bxe4 fxe4 28. Rb1 Rxc6 29. Rxa7 Rf6 30. Rf1 Rxc5 31. f3 Rcf5 32. f4 Rc5 33. Re7 Rc4 34. a5 Ra4 35. Rd1 Re6 36. Rxe6 fxe6 37. Rd4 Rxa5 38. Rxe4 Kf7 39. Kf2 Kf6 40. Kf3 h5 41. g3 h4 42. g4 Ra1 43. g5+ Kf7 44. Kg4 Rg1+ 45. Kxh4 Rg2 46. Kh5 Rg3 47. h4 Rg2 48. Rb4 Re2 49. Rb3 Rg2 50. Rb7+ Kg8 51. Kg6 Rh2 52. h5 Re2 53. h6 1-0

[Event "Balaguer rapid op 24th"]
[Site "Balaguer"]
[Date "2016.09.18"]
[Round "1"]
[White "Rodon Balcells, Jaume"]
[Black "Munoz Pantoja, Miguel Angel"]
[Result "0-1"]
[WhiteElo "1811"]
[BlackElo "2471"]
[PlyCount "38"]
[EventDate "2016.09.18"]
[EventType "swiss (rapid)"]
[EventRounds "9"]
[EventCountry "ESP"]
[SourceTitle "CBM 174 Extra"]
[Source "ChessBase"]
[SourceDate "2016.10.10"]
[SourceVersion "1"]
[SourceVersionDate "2016.10.10"]
[SourceQuality "1"]

1. e4 d5 2. exd5 Qxd5 3. Nc3 Qa5 4. d4 Nf6 5. Bc4 Bg4 6. Nf3 Nc6 7. Bd2 0-0-0 8. Nd5 Qa4 9. Bb3 Qa6 10. Ne3 Bxf3 11. Qxf3 Nxd4 12. Qh3+ e6 13. Bc4 Nxc2+ 14. Ke2 Nd4+ 15. Kf1 Qb6 16. Bc3 Ne4 17. g3 Nf5 18. Bxe6+ fxe6 19. Nxf5 Qxf2# 0-1

[Event "Tarrega Tardor op 1st"]
[Site "Tarrega"]
[Date "2015.11.06"]
[Round "6"]
[White "Sole Pijuan, Ferran"]
[Black "Rodon Balcells, Jaume"]
[Result "1/2-1/2"]
[WhiteElo "2088"]
[BlackElo "1930"]
[PlyCount "139"]
[EventDate "2015.10.02"]
[EventType "swiss"]
[EventRounds "8"]
[EventCountry "ESP"]
[SourceTitle "CBM 169 Extra"]
[Source "ChessBase"]
[SourceDate "2015.12.18"]
[SourceVersion "1"]
[SourceVersionDate "2015.12.18"]
[SourceQuality "1"]

1. d4 Nf6 2. c4 e6 3. Nc3 Bb4 4. e3 0-0 5. Bd3 d5 6. Nf3 c5 7. 0-0 Bxc3 8. bxc3 cxd4 9. cxd4 dxc4 10. Bxc4 Nc6 11. Ba3 Re8 12. Rc1 a6 13. Qe2 h6 14. Rfd1 Qa5 15. Bb2 Bd7 16. Ne5 Rad8 17. Nxd7 Rxd7 18. d5 Nxd5 19. e4 Nf4 20. Qf3 Rxd1+ 21. Rxd1 Ne5 22. Qg3 g5 23. Bf1 Rc8 24. Bc1 Neg6 25. Qb3 Qc7 26. Bb2 b5 27. Qf3 e5 28. Qg4 Rd8 29. Rc1 Qd6 30. g3 Qd2 31. Rc8 Ne6 32. Bc1 Qd7 33. Rxd8+ Qxd8 34. Be3 Kg7 35. Kg2 Nd4 36. f4 Nc2 37. Bc1 exf4 38. gxf4 Qd4 39. fxg5 hxg5 40. Bxg5 Ne1+ 41. Kh1 Qf2 42. Qe2 Qxe2 43. Bxe2 Nc2 44. Bd2 Ne5 45. Bc3 f6 46. Kg2 b4 47. Bxe5 fxe5 48. Bxa6 Nd4 49. Kf2 Kf6 50. h4 b3 51. a4 Ne6 52. Bc4 Nc5 53. Ke3 b2 54. Ba2 Nxa4 55. Kd2 Nc5 56. Bb1 Kg6 57. Kc3 Kh5 58. Kxb2 Kxh4 59. Kc3 Kg4 60. Kc4 Nd7 61. Kd3 Kf4 62. Ke2 Nc5 63. Kf2 Nxe4+ 64. Bxe4 Kxe4 65. Ke2 Kd4 66. Kd2 e4 67. Ke2 e3 68. Ke1 Ke4 69. Ke2 Kd4 70. Ke1 1/2-1/2

[Event "Lleida Regional-ch"]
[Site "Lleida"]
[Date "2015.11.01"]
[Round "5"]
[White "Rodon Balcells, Jaume"]
[Black "Sole Pijuan, Ferran"]
[Result "0-1"]
[WhiteElo "1980"]
[BlackElo "2116"]
[PlyCount "82"]
[EventDate "2015.09.27"]
[EventType "swiss"]
[EventRounds "9"]
[EventCountry "ESP"]
[SourceTitle "EXT 2017"]
[Source "ChessBase"]
[SourceDate "2016.10.25"]
[SourceVersion "1"]
[SourceVersionDate "2016.10.25"]
[SourceQuality "1"]

1. e4 e5 2. Nf3 Nc6 3. d4 exd4 4. Bc4 Bc5 5. c3 Nf6 6. e5 d5 7. exf6 dxc4 8. Qe2+ Be6 9. fxg7 Rg8 10. cxd4 Nxd4 11. Nxd4 Qxd4 12. Nc3 Qxg7 13. Be3 Bb4 14. Bd2 0-0-0 15. 0-0-0 Qxg2 16. Qe3 Kb8 17. Kb1 Rd3 18. Qh6 Rg6 19. Qf4 Rf3 20. Qe5 Rxf2 21. Bc1 Bc8 22. Rd8 Rd6 23. Rd1 Rxd1 24. Nxd1 Re2 25. Be3 Qg6+ 26. Ka1 Qe6 27. Qd4 b6 28. Qh8 c3 29. Nxc3 Bxc3 30. Rxc8+ Qxc8 31. Qxc3 Rxh2 32. a4 Qe6 33. a5 Rh1+ 34. Bc1 Qe1 35. Qh8+ Kb7 36. a6+ Kxa6 37. Qc8+ Ka5 38. Qf5+ c5 39. b4+ Qxb4 40. Qc2 Qa3+ 41. Kb1 Rxc1+ 0-1